[Event "BIH-chT"]
[Site "Neum"]
[Date "2004.06.01"]
[Round "4.2"]
[White "Zelcic, Robert"]
[Black "Ivanisevic, Ivan"]
[Result "1-0"]
[WhiteElo "2509"]
[BlackElo "2550"]
[Annotator "Postny,E"]
[PlyCount "123"]
[EventDate "2004.05.29"]
[EventType "team"]
[EventRounds "9"]
[EventCountry "BIH"]
[SourceTitle "CBM 102"]
[Source "ChessBase"]
[SourceDate "2004.09.23"]
[SourceVersion "1"]
[SourceVersionDate "2004.09.23"]
[SourceQuality "1"]
[WhiteTeam "Prozor Rama"]
[BlackTeam "Sokolac"]
[WhiteTeamCountry "BIH"]
[BlackTeamCountry "BIH"]

1. e4 e5 2. Nf3 Nc6 3. d4 exd4 4. Nxd4 Nf6 5. Nxc6 bxc6 6. e5 Qe7 7. Qe2 Nd5 8.
c4 Nb6 9. Nd2 ({The alternatives are:} 9. Nc3) (9. b3) 9... Qe6 {Opening the
diagonal for the dark-squared bishop.} 10. b3 (10. Qe4 Bb4 {--> 1-0 Sulskis,
S-Radulski,J/Batumi 2002/CBM 90 [Postny,E] (45)}) 10... a5 (10... Bb4 11. Bb2
O-O 12. O-O-O {--> 1-0 Motylev,A-Sermek,D/Dubai 2001/CBM 83 [Postny,E] (74)})
11. Bb2 a4 (11... Bb4 12. a3 Bxd2+ 13. Qxd2 d5 14. cxd5 cxd5 15. Rc1 $14 {
1-0 Kasparov,G-Karpov,A/Lyon/New York 1990/CBM 21 (102)}) 12. Qe3 {The best
place for the queen in this case.} Bb4 (12... axb3 13. axb3 Rxa1+ 14. Bxa1 Bb4
15. Bd3 d6 16. O-O dxe5 17. Ne4 Be7 18. Nc5 Bxc5 19. Qxc5 Nd7 20. Qa5 O-O 21.
Qxc7 $14 {1-0 Baklan,V-Gligoric,S/Vrnjacka Banja 1998/EXT 2002 (40)}) 13. Bd3
d5 14. O-O Ba6 (14... a3 15. Bd4 Nd7 16. c5 O-O 17. f4 $14 {1/2-1/2 Hernandez,
G-Alonso,R/Linares 1992/CBM 33 ext (55)}) 15. Nf3 $1 $146 {[%mdl 8] This
novelty leads to interesting complications, probably favourable for white. In
the only preceding game Ivanisevic got a good game against Sutovsky.} (15. Rfc1
Bxd2 16. Qxd2 dxc4 17. bxc4 Bxc4 18. Bxc4 Nxc4 19. Qb4 Nxb2 20. Rc3 Rd8 21.
Qxb2 O-O $15 {1/2-1/2 Sutovsky,E-Ivanisevic,I/Istanbul 2003/CBM 96 (36)}) 15...
dxc4 (15... a3 16. Bc1 $1 dxc4 17. Nd4 $36) 16. Nd4 Qh6 {Black is more or less
forced to go for queens exchange and damage his own pawnstructure, otherwise,
white can get a dangerous attack.} ({Risky is} 16... Qg4 17. Bf5 (17. h3 $6 Nd5
$1 18. Qc1 Qf4 19. Bxc4 a3 $132) 17... Qh4 18. e6 $36) 17. Qxh6 gxh6 18. Nxc6 (
{Leads only to a draw:} 18. Be4 c3 19. Bxc6+ Ke7 20. Bc1 Rad8 21. Rd1 c2 22.
Nf5+ Ke6 23. Ng7+ Ke7 (23... Kxe5 $2 24. f4+ Kf6 25. Bb2+ Ke7 26. Nf5+ Ke6 27.
Nd4+ Ke7 28. Nxc2 $16) 24. Nf5+ $11) 18... c3 $1 (18... cxd3 $2 19. Nxb4 $16)
19. Bxa6 ({After} 19. Nxb4 $6 cxb2 {black is at least not worse.}) 19... cxb2
20. Rad1 axb3 $2 {After this move, the Pb2 becomes weak.} (20... Be7 21. Bb5 a3
{[%csl Ga3,Gb2] In spite of damaged pawnstructure and the activity of white's
pieces, the pawns chain a3-b2 gives black counterchances.}) 21. axb3 (21. Nxb4
$2 bxa2) (21. Bb7 $2 bxa2 22. Bxa8 Be7 $1 23. Bb7 Na4 $17) 21... Be7 {It is
important to cover the d8 square.} (21... Bc3 $2 22. Bb7 {[%csl Rd8]}) 22. Bb5
Kf8 23. Rd2 {White could also get stable advantage, simply eliminating the
bishop and then capturing the Pb2.} (23. Nxe7 Kxe7 24. Rd2 Ra5 (24... Ra2 25.
Rb1 Rd8 26. Rdxb2 Rxb2 27. Rxb2 Rd1+ 28. Bf1 $16) 25. Be2 Rxe5 26. Rxb2 $16 {
[%csl Rf7,Rh6,Rh7]}) 23... Ra2 24. Rb1 (24. Nxe7 $2 b1=Q 25. Rd8+ Kg7 (25...
Kxe7 $4 26. Rxh8 $18 {[%cal Rh8e8]}) 26. Rxh8 Qxf1+ 27. Kxf1 Kxh8 $17) 24...
Ba3 25. Rdd1 $1 {Preventing the threat Ra2-Ra1.} Kg7 26. b4 {It's logical to
cut off the black bishop from the kingside.} Re8 27. f4 f6 28. Nd4 Ra8 $6 ({
Relatively better was} 28... Rc8) 29. Ne6+ $2 {An attractive check, but
appeares to be a serious mistake, which spoiles white's advantage.} (29. Bc6 $1
fxe5 30. fxe5 Rb8 (30... Bxb4 31. Bxa8 Nxa8 32. Nc6 $18) (30... Ra7 31. Nb5 $18
) 31. Nc2 $18 {[%csl Ra3]}) 29... Kf7 30. Nxc7 Rc8 31. e6+ Kf8 $1 (31... Ke7
32. Rd7+ Nxd7 33. exd7 Rb8 34. Re1+ Kd8 ({Nice, cooperative variations could
arise after} 34... Kd6 $2 35. Ne8+ Kd5 36. Nxf6+ Kd4 (36... Kd6 37. Ne8+ Kd5
38. Rd1+ Ke4 39. Nd6+ Kxf4 40. Nc8 $18) 37. Rd1+ Ke3 (37... Kc3 38. Nd5+ Kb3
39. Rd3+ Kc2 40. Ne3+ Kc1 41. Rd1#) 38. Nd5+ Ke4 39. Nc3+ $18 {[%csl Ra2]}) 35.
Ne6+ Ke7 36. Nc5+ Kd6 37. Rd1+ Ke7 38. Re1+ $11) 32. Rd7 {Probably white was
counting on this move, but it's not so dangerous for black as it looks like.
The play is now forced for a while.} Nxd7 33. exd7 Rb8 34. Ne6+ Ke7 35. d8=Q+
Rxd8 36. Nxd8 Kxd8 37. Bd3 Bxb4 38. Kf2 Bc3 39. Bxh7 {In this endgame black is
slightly better thanks to strong passed Pb2. However, his winning chances are
very low, due to opposite colour bishops.} Ra4 40. Ke3 Rd4 41. Bd3 Rd7 42. g4
Kc7 43. h4 Rd5 44. Rg1 Kc6 45. Bb1 {[%csl Rg1] I suppose, this is a mistake in
the scoresheet, because it's very hard to believe that both GM's missed 45...
Bd4+...} Kc5 46. Ke2 Kb4 47. Rd1 Ra5 48. Kd3 Rd5+ 49. Ke2 Rc5 50. Rg1 Bd4 51.
Rd1 Rc1 $4 {Well... This can happen to anybody...} 52. Rxd4+ Kc5 53. Rd1 {
The rest of the game is rather pointless.} Rc4 54. Rf1 Kd4 55. g5 fxg5 56. fxg5
hxg5 57. hxg5 Ke5 58. g6 Rg4 59. Kf3 Rf4+ 60. Kg2 Rc4 61. Rf5+ Ke6 62. Rb5 1-0

[Event "Reggio Emilia 0001 43th"]
[Site "Reggio Emilia"]
[Date "2000.12.31"]
[Round "2"]
[White "Tomescu, Vlad"]
[Black "Romanishin, Oleg M"]
[Result "1/2-1/2"]
[WhiteElo "2432"]
[BlackElo "2591"]
[Annotator "Postny,E"]
[PlyCount "42"]
[EventDate "2000.12.30"]
[EventType "tourn"]
[EventRounds "9"]
[EventCountry "ITA"]
[EventCategory "8"]
[SourceTitle "CBM 081"]
[Source "ChessBase"]
[SourceDate "2001.03.20"]
[SourceVersion "1"]
[SourceVersionDate "2001.03.20"]
[SourceQuality "1"]

1. e4 e5 2. Nf3 Nc6 3. d4 exd4 4. Nxd4 Bc5 5. Nxc6 Qf6 6. Qd2 dxc6 7. Nc3 Ne7
8. Qf4 Qe6 {Interesting pawn sacrifice-patent of GM Alexander Goldin as well
as sucsessfully employed by Oleg Romanishin.} 9. Qxc7 (9. Qg5 Bd4 10. Bd3 Ng6
11. O-O Qe5 12. Rb1 O-O 13. Ne2 Bb6 14. Ng3 Qxg5 15. Bxg5 Be6 16. b3 f6 17. Bd2
Rfd8 18. Rbd1 a5 $11 {0-1 Pavasovic,D-Romanishin,O/Bled 1999/CBM 69 ext (40)})
9... O-O 10. Bd3 Bd6 11. Qa5 b5 {[%csl Ya5]} (11... Ng6 12. Qh5 Nf4 13. Bxf4
Bxf4 14. O-O g6 15. Qh4 Qd6 16. Rad1 {1/2-1/2 Mellado Trivino,J-Romanishin,O/
Zaragoza 1998/EXT 2000 (16)}) 12. Ne2 $146 ({Also after} 12. O-O Qe5 {black
has sufficient compensation:} 13. f4 Qd4+ 14. Kh1 Bb4 15. Qc7 Bd6 16. Qa5 Bb4
17. Qc7 Bd6 18. Qa5 $11 {Berelovich,A-Romanishin,O/Ordzhonikidze 2000}) 12...
a6 {[%cal Yc6c5,Yc5c4]} ({Worse is} 12... f5 13. exf5 Nxf5 14. O-O $14) 13. Qd2
(13. Bf4 $6 {is met by} Bxf4 14. Nxf4 Qe5 $15 {[%csl Rb2,Rf4]}) 13... c5 {
[%csl Rd3][%cal Gc5c4]} 14. c3 Bb7 {In compensation for the sacrificed pawn
black has more space and developement advantage.} 15. O-O Rad8 {[%csl Rd2,Gd8]}
({No good is} 15... Bxe4 $2 16. Bxe4 Qxe4 17. Qxd6 Qxe2 18. Qxc5 $16) 16. Qe3
Rfe8 17. Bc2 Ng6 18. Ng3 c4 (18... Bxg3 {was possible as well} 19. hxg3 Bxe4
20. Bxe4 Qxe4 21. Qxc5 ({or} 21. Qxe4 Rxe4 22. Be3 $11) 21... Qe2 $44) 19. a4
b4 $6 {Probably black overrated his position.} ({Now} 19... Bxg3 {was logical
continuation} 20. Qxg3 Bxe4 21. Bxe4 Qxe4 22. axb5 axb5 23. Be3 $11) 20. cxb4
Bxb4 21. f4 Qc8 {In this position draw was agreed, however white seems to be
better now.} (21... Qc8 22. Qe2 $14) 1/2-1/2

[Event "FIDE-Wch k.o."]
[Site "Moscow"]
[Date "2001.11.28"]
[Round "1.2"]
[White "Nataf, Igor Alexandre"]
[Black "Bologan, Viktor"]
[Result "1-0"]
[WhiteElo "2535"]
[BlackElo "2668"]
[Annotator "Postny,E"]
[PlyCount "69"]
[EventDate "2001.11.27"]
[EventType "k.o."]
[EventRounds "7"]
[EventCountry "RUS"]
[SourceTitle "CBM 086"]
[Source "ChessBase"]
[SourceDate "2002.02.05"]
[SourceVersion "1"]
[SourceVersionDate "2002.02.05"]
[SourceQuality "1"]

1. e4 e5 2. Nf3 Nc6 3. d4 exd4 4. Nxd4 Qf6 5. Nxc6 Bc5 6. Qd2 dxc6 7. Nc3 Bd4 {
This move became fashionable nowadays.Other theoretical lines starts with 7...
Ne7 and 7...Be6.} 8. Bd3 {This is the most popular continuation.} (8. Bc4 {
- see the game Kasimdzhanov,R-Tkachiev,V /FIDE Wch 2000/CBM 81 [Postny]}) (8.
f4 $5 Be6 9. e5 Qh4+ 10. g3 Qd8 11. Bg2 Nh6 12. Ne4 O-O 13. Qe2 Nf5 14. c3 Bb6
15. Bd2 Qe7 16. Ng5 Rad8 17. Be4 Bc8 18. O-O-O $14 {1-0 Timman,J-Svidler,P/
Bugojno 1999/CBM 74 no vc (55)}) 8... Ne7 9. O-O Ng6 10. Kh1 {[%cal Gf2f4]} Ne5
11. Be2 (11. f4 {- see the game Ni Hua-Krasenkow,M /Tan Chin Nam Cup 2001/CBM
85 [Postny]}) 11... Ng4 12. Nd1 Be6 $146 {An interesting novelty.Black is
preparing queenside castling.} ({In the preceding games black played} 12... O-O
{The latest example is the game Rublevsky,S-Peng Xiaomin /CHN-RUS Summit 2001/
CBM 85 [Postny]}) 13. h3 (13. c3 $5 Bb6 (13... Bc5 14. h3 Rd8 15. Qg5 Rxd1 16.
Bxd1 Nxf2+ 17. Kh2 Bd6+ (17... Ng4+ 18. Bxg4 Qxf1 19. Qxc5 $18) 18. Kg1 Qxg5
19. Bxg5 Nxe4 $14) 14. h3 Rd8 (14... Ne5 $2 15. f4) 15. Qf4 (15. Qg5 $2 Rxd1 $1
16. Bxd1 Nxf2+ 17. Kh2 Ng4+ 18. Bxg4 Qxf1 $19) 15... Qxf4 (15... Rxd1 16. Bxd1
Nxf2+ 17. Kh2 Qxf4+ (17... Nxe4 18. Bc2) 18. Bxf4 Nxe4 (18... Bc4 $2 19. Bc2 $1
Bxf1 20. Rxf1 $18 {[%csl Rf2]}) 19. Bc2 {+/=/+/-}) 16. Bxf4 Nf6 $11) 13...
O-O-O {Black is consequently continuing his idea.} ({Worse is} 13... Rd8 $6 14.
Bxg4 Bxg4 15. hxg4 Bxb2 16. Qxd8+ Qxd8 17. Nxb2 Qh4+ 18. Kg1 h5 19. g5 Qxe4 20.
Nd3 $14) 14. Bxg4 ({Bad is} 14. hxg4 $2 Qh4+ 15. Kg1 Be5 16. g3 Bxg3 17. fxg3
Qxg3+ {and black is winning.}) 14... Bxg4 15. hxg4 Qh4+ $2 {This innocent
check turns out to be a decisive mistake.} ({The right continuation of black's
previous play was:} 15... Bxb2 16. Qxd8+ (16. g5 $6 Qg6 {[%csl Re4]}) 16...
Rxd8 17. Bxb2 (17. Nxb2 $2 Qc3 {[%csl Rc2]}) 17... Qh4+ 18. Kg1 Qxg4 19. f3 Qg5
20. Nf2 {The position is unclear.}) 16. Kg1 Bxb2 $6 ({The best practical
chance was:} 16... Be5 17. g3 Qh3 (17... Bxg3 {is refuted by} 18. fxg3 Qxg3+
19. Qg2 {that's the main difference between 14.hg? and 14.Bg4-white's Q can
come to defense.}) 18. Qe2 h5 19. Ne3 h4 20. f4 Bd4 {although the compensation
for the piece is insufficient.}) 17. Qa5 $1 {Strong as well was 17.Qf4! with
the same idea.} Bxa1 18. Qf5+ Kb8 {At the moment black is an exchange and a
pawn up...} (18... Rd7 19. Bg5 g6 20. Qf4 {even stronger, than 20.Qd7.} Be5 21.
Qxe5 Qxg4 22. Qxh8+) 19. Bg5 {Now it's clear, why black should not have
hurried to give a check on h4. Black's Q is in real trouble and black has to
lose a lot of material to liberate the Q.} g6 20. Qf4 Be5 21. Qxe5 Qxg4 22.
Bxd8 Rxd8 23. Ne3 {White remained with a piece up for two non-important pawns.
The rest of the game is an easy job for white.} Qc8 24. Qf6 Rd7 25. Nc4 Qe8 26.
Ne5 Re7 27. Rd1 Kc8 28. f4 {White has a piece up as well as the total
positional domination.} h5 (28... Re6 29. Qg7 $18 ({but not} 29. Qxf7 $4 Rxe5))
29. Qh4 a6 30. Qh3+ Re6 31. Nf3 Kb8 32. e5 Qe7 33. Ng5 Qc5+ 34. Kh2 Re7 35. Rd7
1-0

[Event "Pune"]
[Site "Pune"]
[Date "2004.09.03"]
[Round "1"]
[White "Sutovsky, Emil"]
[Black "Harikrishna, Pentala"]
[Result "1/2-1/2"]
[WhiteElo "2679"]
[BlackElo "2609"]
[Annotator "Postny,E"]
[PlyCount "107"]
[EventDate "2004.09.03"]
[EventType "tourn"]
[EventRounds "9"]
[EventCountry "IND"]
[EventCategory "16"]
[SourceTitle "CBM 104"]
[Source "ChessBase"]
[SourceDate "2005.01.27"]
[SourceVersion "1"]
[SourceVersionDate "2005.01.27"]
[SourceQuality "1"]

1. e4 e5 2. Nf3 Nc6 3. d4 exd4 4. Nxd4 Bc5 5. Be3 Qf6 6. c3 Nge7 7. g3 {
Thanks to Sutovsky's efforts this line gained popularity.} d5 {The main and
the most obvious reply.} ({Deserves further investigation} 7... h5 $5 8. h3 b6
{as in the game Movsesian,S-Shirov,A/Sarajevo 2004/CBM 101 [Postny,E] (1/2-1/2,
39)}) 8. Bg2 dxe4 (8... Bxd4 9. cxd4 dxe4 10. Nc3 Bf5 {appeared in the game
Dworakowska,J-Onischuk,A/Skopje 2002/CBM 88 [Postny,E] (1-0,42)}) 9. O-O {
This line is consistantly played by Emil.} ({Interesting, but risky is} 9. Nb5
$6 {- see the game Narciso Dublan,M-Azarov,S/Leon 2001/CBM 86 [Postny,E] (0-1,
40)}) ({A possible alternative is} 9. Nd2 {- 0-1 Charbonneau,P-Bacrot,E/
Tripoli 2004/CBM 102 [Postny,E] (22)}) 9... O-O {A bit risky continuation,
since it allows white to bring his queenside knight with tempo.} (9... Bxd4 10.
cxd4 Bf5 (10... O-O 11. Nc3 Rd8 12. Nxe4 Qg6 {--> 1-0 Sutovsky,E-Bauer,C/
Plovdiv 2003/CBM 98 [Postny,E] (65)}) 11. Nc3 O-O-O {--> 1/2-1/2 Sutovsky,
E-Postny,E/Ramat-Aviv/Modiin 2000/CBM 81 [Postny,E] (29)}) (9... Nxd4 10. cxd4
Bb6 11. a4 a5 12. Nc3 O-O {1/2-1/2 Sutovsky,E-Beliavsky,A/Terme Zrece 2003/CBM
97 [Postny,E] (27)}) 10. Nd2 {[%csl Rc5,Rf6][%cal Gd2e4]} Bb6 11. Nxe4 Qg6 12.
Nc5 $5 $146 {Very interesting and unexpected move.} (12. Re1 Bg4 13. Qa4 Rad8
14. Nxc6 Nxc6 15. h3 Be6 16. Nc5 Bc8 17. Qh4 Rfe8 18. b4 h6 19. Be4 Rxe4 20.
Qxe4 $16 {1/2-1/2 Georgieva,L-Matras,A/Oropesa del Mar 2000/EXT 2001 (27)})
12... Nxd4 (12... Bxc5 $6 13. Nxc6 Nxc6 14. Bxc5 {and pair of strong bishops
promise white stable advantage.}) 13. cxd4 {A bit risky, since the Pd4 may
become a target, but it's the only way to fight for the initiative.} (13. Bxd4
Nf5 14. Nxb7 Nxd4 15. cxd4 Rb8 16. Nc5 Bxc5 17. dxc5 Rxb2 $11) 13... c6 14. Re1
Nd5 15. Bxd5 $5 {Sutovsky is trying to play as tempting as possible, but this
exchange is quite risky, since the light squares near the white king will
become extremely vulnerable. On the other hand, if black will manage to
consolidate his position, he will have better chances, due to white's Pd4
weakness.} ({After} 15. Qb3 Rd8 {black is not worse.}) 15... cxd5 16. Qb3 Bg4
$2 {Probably Harikrishna wanted to punish Sutovsky for his somewhat risky play,
but this sacrifice is not justified at all.} ({Simple} 16... Rd8 {was
objectively stronger.}) 17. Qxd5 Rad8 18. Qxb7 Qh5 19. Qe7 $6 {[%cal Ge7g5]
This move is just a waste of time.} (19. b4 Bf3 20. Qa6 $1 {[%cal Ya6f1] An
important defensive resource. Black has not enough resources for successful
attack. For example:} Rfe8 (20... Bc6 21. Qe2 Qd5 22. f3 Qxf3 23. Qxf3 Bxf3 24.
a4 $16) 21. a4 Bd5 {[%cal Gh5f3]} 22. Qe2 Qh3 23. f3 Qh5 24. Rf1 Re7 25. Rac1
Rde8 26. Rc3 {and white defends successfully.}) 19... f6 20. Qe4 $6 ({Probably
the best move was to admit the mistake made on the previous move:} 20. Qb7 {
[%cal Yb7a6,Ya6f1]}) 20... Rfe8 21. Qf4 $6 {White's last queen manoeuvres are
not impressive at all. This is again not the best square for the queen.} (21.
Qd3 $2 Bxc5 22. Qc4+ Be6 23. Qxc5 Qf3 $19 {[%cal Re6h3]}) (21. Qc2 $5 Bf3 22.
Qc4+ Bd5 23. Qe2 Qh3 24. f3 $14 (24. Qf1 Qh5 25. Qe2 Qh3 $11)) 21... Re7 $1 {
[%csl Rf4][%cal Gb6c7]} 22. d5 {White must give his pawn to free the 4th rank
for the queen.} ({Too dangerous for white is} 22. f3 Bxf3 23. Bf2 Rxe1+ 24.
Rxe1 Bc6) 22... Rxd5 23. Nd3 g5 (23... Rxd3 $2 24. Bxb6 Rxe1+ 25. Rxe1 axb6 26.
Qb8+ Kf7 27. Qe8#) 24. Qc4 Bf3 25. Nb4 Qh3 26. Qf1 (26. Qxd5+ Bxd5 27. Nxd5 Re6
$1 $11) 26... Qxf1+ 27. Kxf1 Rb5 {Black has sufficient compensation for the
pawn, his pieces are extremely active.} 28. Bxb6 Rxe1+ 29. Rxe1 Rxb4 30. Bxa7
Rxb2 31. Ra1 Rd2 $1 {Forcing the exchange of rooks. The resulting endgame with
opposite colour bishops is completely drawish.} 32. a4 Rd1+ 33. Rxd1 Bxd1 34.
a5 Kf7 35. Ke1 Ba4 36. Kd2 Ke6 37. Bb6 f5 38. Bd8 g4 39. a6 Kd7 40. a7 Bc6 41.
Ba5 Kc8 42. Bc3 Kb7 43. Bd4 Be8 44. Ke3 Bg6 {All black's pawns are now
defended. Black just will move his king on a8-b7 squares, so there is no
zugzwang.} 45. Kf4 Ka8 46. Be3 Kb7 47. Bc5 Ka8 48. Bb6 Kb7 49. Be3 Ka8 50. Bd4
Kb7 51. Kg5 Ka8 52. Kf6 Kb7 53. Kg7 Ka8 54. Kh8 1/2-1/2

[Event "FIDE-Wch k.o."]
[Site "Tripoli"]
[Date "2004.06.20"]
[Round "1.2"]
[White "Ni, Hua"]
[Black "Vladimirov, Yevgeniy"]
[Result "1/2-1/2"]
[WhiteElo "2587"]
[BlackElo "2621"]
[Annotator "Postny,E"]
[PlyCount "113"]
[EventDate "2004.06.19"]
[EventType "k.o."]
[EventRounds "7"]
[EventCountry "LBY"]
[SourceTitle "CBM 102"]
[Source "ChessBase"]
[SourceDate "2004.09.23"]
[SourceVersion "1"]
[SourceVersionDate "2004.09.23"]
[SourceQuality "1"]

1. e4 e5 2. Nf3 Nc6 3. d4 exd4 4. Nxd4 Nf6 5. Nxc6 bxc6 6. e5 Qe7 7. Qe2 Nd5 8.
c4 Ba6 ({Other main theoretical line goes with} 8... Nb6) 9. b3 g6 (9... g5 {
--> 0-1 Kovchan,A-Potapov,A/Noyabrsk 2003/CBM 99 [Postny,E] (40)}) 10. f4 f6 {
This move gained popularity recently. Up to now white failed to show an
advantage in this line.} ({Other theoretical possibilities are:} 10... Qb4+) (
10... Bg7) 11. exf6 (11. Ba3 {--> 1/2-1/2 Sutovsky,E-Nielsen,P/Reykjavik 2004/
CBM 100 [Postny,E] (35)}) 11... Qxe2+ (11... Nxf6 12. Bb2 O-O-O (12... Bg7 13.
Nd2 Qxe2+ 14. Bxe2 O-O 15. O-O-O d5 16. Rhe1 Rad8 17. Bf3 $14 {1-0 Nataf,
I-Daurelle,H/Drancy 2003 (33)}) 13. Nd2 d5 (13... Qf7 14. O-O-O Bg7 15. g3 Rhe8
16. Qf3 Re7 17. Bh3 Rde8 18. Qf2 Kb8 19. Rhe1 d6 $11 {1/2-1/2 Goloshchapov,
A-Sriram,J/Sangli 2000/EXT 2001 (49)}) 14. O-O-O d4 15. Re1 Qxe2 16. Bxe2 Bh6
17. g3 g5 18. Bf3 c5 19. Ba3 Bb7 20. Bxb7+ Kxb7 21. Bxc5 $14 {1/2-1/2
Beliavsky,A-Almasi,Z/Niksic 1997/CBM 59 ext (40)}) 12. Bxe2 Bb4+ 13. Bd2 {
Later, at the same day (!), in the tie-break game Ni Hua tried 13.Kd1, but did
not get an advantage as well. In spite of this, 13.Kd1 deserves further
investigation.} (13. Kd1 $5 $146 Nxf6 14. Be3 O-O 15. a3 Bd6 16. Nc3 Rae8 17.
Bd2 Bc5 18. Bf3 d5 19. Kc2 Ne4 20. Nxe4 dxe4 21. Be2 Bd4 22. Rad1 c5 $11 {
1/2-1/2 Ni Hua-Vladimirov,E/Tripoli 2004/CBM 102 (46)}) 13... Bxd2+ 14. Nxd2
Nxf4 15. g3 $6 $146 {A novelty, but not an improvement. The move in the text
is actually a waste of tempo, since, i guess black was going to play "a-la
Kasparov" 15.Rf1 Nxe2. In this case the move 15.Rf1 is more useful for white,
than 15.g3.} (15. Rf1 Nxe2 $1 (15... Nxg2+ 16. Kf2 Nf4 17. Bg4 {--> 1-0
Rublevsky,S-Tseshkovsky,V/Krasnoyarsk 2003/CBM 98 [Postny,E] (26)}) 16. Kxe2
Kf7 {--> 1/2-1/2 Radjabov,T-Kasparov,G/Linares 2004/CBM 100 [Postny,E] (58)})
15... Nxe2 16. Kxe2 O-O (16... Kf7 {is a logical alternative.}) 17. Rhf1 Rae8+
18. Kd3 d6 {Opening the diagonal c8-h3 for the bishop.} 19. Rae1 (19. Ne4 {
[%cal Gf6f7,Ge4f6] is met by} Bc8 $1 20. f7+ $140 $2 Rxf7 21. Nf6+ Rxf6 22.
Rxf6 Bf5+ $15 {[%csl Rf6][%cal Gg8g7]}) (19. g4 Bc8 20. g5 Bf5+ 21. Kc3 Re3+
22. Kb4 Rh3 23. Rf2 h6 {and white is in trouble.}) 19... Kf7 {White's Pf6 has
not enough support, so it becomes a target for black's pieces.} 20. Nf3 (20.
Rxe8 Rxe8 21. g4 Bc8 {like after 19.g4.}) 20... h6 21. Nh4 $6 {A little bit
weird manoeuvre.} ({More to the point is} 21. Rxe8 Rxe8 22. Nd4 Bb7 23. b4 {
with approximate equality.}) 21... Rg8 $1 22. Re7+ $5 {White realized that the
Pf6 is doomed to fall, so he decided to sacrifice it immediatly and try to
exploit the temporary passivity of black's pieces.} Rxe7 23. fxe7+ Kxe7 24.
Re1+ Kd8 ({After} 24... Kf6 25. Rf1+ Kg7 26. Re1 Rf8 27. Re7+ Rf7 28. Re8 {
[%csl Ra6] white has sufficient counterplay.}) 25. Rf1 (25. Re6 Bc8 26. Rf6 {
- see the game.}) 25... Bc8 26. Rf6 Bd7 27. c5 $1 {Correctly breaking black's
pawns on the queenside.} (27. Nxg6 $4 Rxg6 28. Rxg6 Bf5+ $19) 27... dxc5 (27...
Ke7 $2 28. Rxg6 {[%csl Re7]}) 28. Kc4 Be8 29. Kxc5 Rg7 {Activizing the rook
via the 7th rank.} 30. Nf3 Rd7 31. Nd4 Rd5+ 32. Kc4 Rd6 33. Rf2 {The position
is objectively balanced, but probably black was still hoping to squeeze
something out of nothing...} Ke7 34. Re2+ Kd7 35. Nf3 g5 36. Ne5+ Kd8 37. b4
Rd1 38. a4 (38. Re3 $6 {[%cal Ge3d3]} Rc1+ 39. Rc3 Re1 40. Kd4 Re2 $15) 38...
Ra1 39. a5 Rc1+ 40. Kd4 Rd1+ 41. Kc3 c5 {The last winning attempt.} 42. bxc5
Ra1 {[%csl Ra5]} 43. Rd2+ Kc8 $6 {This already can become risky for black.} (
43... Ke7 44. Re2 $11) 44. Rf2 Ra3+ 45. Kd4 Rxa5 46. Rf8 Ra4+ $8 47. Kd5 Kd8
48. Rh8 Ra2 49. Rxh6 Rd2+ 50. Ke4 $6 {The position is drawish anyway, but 50.
Ke6 required precise play from black.} (50. Ke6 a5 51. Rh8 Re2 52. Kf6 Rf2+ $1
(52... a4 $2 53. Nf7+ Kd7 54. c6+ Kxc6 55. Ne5+ Kb7 56. Rxe8 a3 57. Rd8 $18)
53. Kxg5 a4 $11) 50... a5 51. Nc6+ $1 {White correctly forces the exchange of
light pieces, otherwise, the "a" pawn supported by the bishop may become
dangerous.} Bxc6+ 52. Rxc6 Rxh2 53. Ra6 {A draw in this endgame is clear,
black's extra pawn, has no significance.} Rg2 54. Rxa5 Rxg3 55. Kd5 Kd7 56. c6+
Ke7 57. Ke4 1/2-1/2